Գոմաղբը / (Record no. 227504)
[ view plain ]
| 000 -LEADER | |
|---|---|
| fixed length control field | 00617nam a2200193 a 4500 |
| 001 - CONTROL NUMBER | |
| control field | 000572077 |
| 003 - CONTROL NUMBER IDENTIFIER | |
| control field | AM-YEHGA |
| 005 - DATE AND TIME OF LATEST TRANSACTION | |
| control field | 20250801144803.0 |
| 008 - FIXED-LENGTH DATA ELEMENTS--GENERAL INFORMATION | |
| fixed length control field | 080317s1927 ai | |||||||||||||arm|d |
| 040 ## - CATALOGING SOURCE | |
| Original cataloging agency | AM-YeHGA |
| 041 0# - LANGUAGE CODE | |
| Language code of text/sound track or separate title | arm |
| 090 ## - LOCALLY ASSIGNED LC-TYPE CALL NUMBER (OCLC); LOCAL CALL NUMBER (RLIN) | |
| -- | 229047 |
| 100 1# - MAIN ENTRY--PERSONAL NAME | |
| Personal name | Տեր-Ներսիսյան, Ի.Ա. |
| 245 10 - TITLE STATEMENT | |
| Title | Գոմաղբը / |
| Statement of responsibility, etc. | Ի.Ա. Տեր-Ներսիսյան. |
| 260 ## - PUBLICATION, DISTRIBUTION, ETC. | |
| Place of publication, distribution, etc. | Մոսկվա : |
| Name of publisher, distributor, etc. | ԽՍՀՄ ժող. կենտր. հրատ., |
| Date of publication, distribution, etc. | 1927. |
| 300 ## - PHYSICAL DESCRIPTION | |
| Extent | 32 էջ ; |
| Dimensions | 17 սմ. |
| 650 14 - SUBJECT ADDED ENTRY--TOPICAL TERM | |
| Topical term or geographic name entry element | Գյուղատնտեսության ընդհանուր հարցեր |
| General subdivision | Պարարտացում |
| 942 ## - ADDED ENTRY ELEMENTS (KOHA) | |
| Source of classification or shelving scheme | Universal Decimal Classification |
| Koha item type | Գրքեր / Books |
| Koha issues (borrowed), all copies | 1 |
| Withdrawn status | Lost status | Damaged status | Not for loan | Collection | Home library | Current library | Date acquired | Cost, normal purchase price | Total checkouts | Full call number | Barcode | Date last seen | Date last checked out | Price effective from | Koha item type | Public note | Source of classification or shelving scheme |
|---|---|---|---|---|---|---|---|---|---|---|---|---|---|---|---|---|---|
| General | Fundamental Scientific Library | Fundamental Scientific Library | 28/12/2016 | 7.00 | 2 | AI/4091 | FL0038781 | 01/08/2025 | 01/08/2025 | 28/12/2016 | Գրքեր / Books | 30 Days Loan | |||||
| Kusikian Individual Collection | Fundamental Scientific Library | Fundamental Scientific Library | 25/05/2021 | Կուս/2970 | FL0647719 | 25/05/2021 | 25/05/2021 | Գրքեր / Books | ILL Non Circ | Universal Decimal Classification | |||||||
| Kusikian Individual Collection | Fundamental Scientific Library | Fundamental Scientific Library | 25/05/2021 | Կուս/2971 | FL0647718 | 25/05/2021 | 25/05/2021 | Գրքեր / Books | ILL Non Circ. | Universal Decimal Classification |
ՀՀ Գիտությունների ազգային ակադեմիայի հիմնարար գիտական գրադարան = Fundamental Scientific Library of NAS RA
All site content, except where otherwise noted, is licensed under a